Corporate Finance Law / (Record no. 605469)

MARC details
000 -LEADER
fixed length control field 00432nam a2200169Ia 4500
008 - FIXED-LENGTH DATA ELEMENTS--GENERAL INFORMATION
fixed length control field 251226s9999 xx 000 0 und d
020 ## - INTERNATIONAL STANDARD BOOK NUMBER
ISBN 9781509929177
Paper back/Hardbound pbk
082 ## - DEWEY DECIMAL CLASSIFICATION NUMBER
Classification number 346.08
Item number GUL
100 ## - MAIN ENTRY--AUTHOR NAME
Personal name Gullifer, Louise
245 #0 - TITLE STATEMENT
Title Corporate Finance Law /
Statement of responsibility, etc Louise Gullifer
250 ## - EDITION STATEMENT
Edition statement First edition
260 ## - PUBLICATION, DISTRIBUTION, ETC. (IMPRINT)
Name of publisher Hart Publishing,
Year of publication 2020
300 ## - PHYSICAL DESCRIPTION
Number of Pages 1000 Pages
650 ## - SUBJECT ADDED ENTRY--TOPICAL TERM
Topical Term Law
942 ## - ADDED ENTRY ELEMENTS (KOHA)
Koha item type English Books
Holdings
Withdrawn status Lost status Damaged status Not for loan Home library Current library Shelving location Date acquired Cost, normal purchase price Full call number Accession Number Price effective from Koha item type
        Anna Centenary Library Anna Centenary Library 4TH FLOOR, A WING 26.12.2025 5590.00 346.08 GUL 704293 26.12.2025 Reference

Find us on the map